00486 a2200169 4500000002100000001000700021005001700028008004100045082001800086100002700104245006700131250001200198260003100210300001000241700003200251700003300283BKB 06933620200902150247.0  a341.762bA22G1 aThe global environment1 aThe global environmentcedited by Regina S. Axelrod...[et.al.] a3rd ed. aWashingtonbCQ Pressc2011 a378p. aAxelrod, Regina S., ed.bc aVanDeveer, Stacy D., ed.bc